000 00614cam a2200217 4500500
005 20260329005012.0
041 _afre
042 _adc
100 1 0 _aMorel, François
_eauthor
245 0 0 _aConseil n° 15. Vaccinons-nous
260 _c2022.
500 _a39
690 _aConnerie
690 _aFrançois Morel
690 _aHumour
690 _aRire
690 _avaccin
690 _aVaccinations
786 0 _nPhilosophie magazine | 156 | 2 | 2022-02-01 | p. 81-81 | 1951-1787
856 4 1 _uhttps://shs.cairn.info/magazine-philosophie-magazine-2022-2-page-81?lang=fr&redirect-ssocas=7080
999 _c1839353
_d1839353